000 00695nam a2200241Ia 4500
003 OSt
005 20221005050131.0
006 a|||||r|||| 00| 0
007 ta
008 221004b |||||||| |||| 00| 0 eng d
020 _a9788189535995 (pbk)
_cIndian Rupees 50
024 _a70797
037 _bGift, 10/12/2021,
_cTextual
040 _aCRL
_cCRL
_beng
041 _2eng
_aeng
082 _aDelta2wM93, P8
245 0 _aParamahansa Yogananda in memoriam
260 _aKolkata
_bYogoda Satsanga Society of India India
_c2008
300 _a125p.
_ccm.
650 _aSPIRITUALISM
942 _hDelta2wM93, P8
_cTEXL
_2cc
999 _c956376
_d956376